Statistics for 5 Largest cities in Senegal

Click here to take the quiz!

General Stats

  • This quiz has been taken 136 times
  • The average score is 3 of 5

Answer Stats

Answer% Correct
Dakar
100%
Saint-Louis
61%
Thies
56%
Touba
48%
Pikine
13%

Score Distribution

Percentile by Number Answered

Percent of People with Each Score

Your Score History

You have not taken this quiz